Sporclin' Through the '90s V Quiz Stats

 Plays Quiz Updated May 8, 2018

Challenge
Share
Tweet
Score 0/36 Timer 06:00
0 Plays Today
Hint Answer % Correct
 
▼    History    ▼
 
Elizabeth II
96.2%
O.J. Simpson
93.7%
The Mask
91.6%
Mike Tyson
87.8%
Mariah Carey
86.5%
Beavis and Butt-Head
86%
 
▼    Gaming    ▼
 
Super Mario 64
85.3%
Teenage Mutant Ninja Turtles
85.1%
Good Will Hunting
82.6%
 
▼    Sports    ▼
 
Shaquille O'Neal
81.4%
 
▼    Movies    ▼
 
Independence Day
80.1%
The Sixth Sense
76.7%
Frasier
75.9%
Saving Private Ryan
69.3%
 
▼    Television    ▼
 
Boy Meets World
68.8%
Green Day
68.7%
Joe Biden
68.4%
Christina Aguilera
68.2%
Hint Answer % Correct
Arthur
67.6%
Tony Hawk
62.6%
The Wonder Years
59.3%
Brett Favre
54.1%
Clerks
53.7%
Mad About You
50%
Rudolph Giuliani
48.8%
Ken Griffey Jr.
44.2%
 
▼    Music    ▼
 
Robbie Williams
36.9%
Boris Becker
36.7%
Sega Dreamcast
34.5%
Ted Turner
34.4%
R.E.M.
32.4%
Metallica
30.8%
Wolfenstein 3D
22.3%
The Secret of Monkey Island
16.6%
Yitzhak Rabin
12.3%
Diablo
12%

You're not logged in!

Compare scores with friends on all Sporcle quizzes.
OR
Log In

You Might Also Like...

Show Comments

Extras

Top Quizzes Today


Score Distribution

Your Account Isn't Verified!

In order to create a playlist on Sporcle, you need to verify the email address you used during registration. Go to your Sporcle Settings to finish the process.

Report this User

Report this user for behavior that violates our Community Guidelines.

Details: